000 00723nam a22001695i 4500
001 158783
003 ES-MaACL
005 20230906211320.0
008 040906s1885 sp |||| | spa d
040 _aCAM
_bspa
_cCAM
100 1 _aMaristany y Gibert, Eduardo.
_9129510
245 1 0 _aMedios de evitar la aglomeracion de mercancías en las grandes estaciones de los ferro-carriles españoles /
_cpor Eduardo Maristany y Gibert.
260 _aMadrid :
_b[s.n.],
_c1885 (
_fEstablecimiento tipográfico de Gregorio Juste)
300 _a22 p. ;
_c25 cm.
650 4 _aFerrocarriles-
_xEstaciones-
_zEspaña.
_9136099
852 _aES-MaACL
_jT-441-F-1
_z-- Enc. hol.
_q-- Falto de la cub. original
_z-- Enc. en un vol. facticio
999 _c158783
_d158783